banner-ar

اساسيات علم التحضير النسيجى / (Record no. 36282)

MARC details
000 -الفاتح
حقل البيانات ثابتة الطول 00657nam a2200217Ia 4500
008 - عناصر البيانات ثابتة الطول - معلومات عامة
حقل البيانات ثابتة الطول 140319s9999 xx 000 0 ara d
040 ## - مصدر الفهرسة
وكالة الفهرسة الأصلية GCL /
وكالة النسخ GCL
082 04 - رقم تصنيف ديوى العشرى
رقم التصنيف 610.0181
رقم المادة م ا
100 1# - المدخل الرئيسى - إسم شخصى
الإسم الشخصى اسامة خالد
245 10 - بيان العنوان
العنوان اساسيات علم التحضير النسيجى /
بيان المسئوليه,etc اسامة خالد
700 1# - المدخل الاضافى - اسم شخصى
الإسم الشخصى محمود محمد الطردة
700 1# - المدخل الاضافى - اسم شخصى
الإسم الشخصى جمال محمد عثمان
700 1# - المدخل الاضافى - اسم شخصى
الإسم الشخصى محمد ايو دية
260 ## - PUBLICATION, DISTRIBUTION, ETC. (IMPRINT)
تاريخ النشر أو التوزيع 1992
300 ## - الوصف المادى
التعداد 151 ص
490 ## - بيان السلسلة
عنوان السلسلة
650 04 - المدخل الاضافى بالموضوع-مصطلح موضوعى
مصطلح موضوعي الانسجة
650 04 - المدخل الاضافى بالموضوع-مصطلح موضوعى
مصطلح موضوعي الاعضاء والانسجة
942 ## - عناصر المدخل الإضافي( كوها)
مصدر التصنيف او مخطط الترفيف Dewey Decimal Classification
Koha [default] item type كتاب
260 ## - PUBLICATION, DISTRIBUTION, ETC. (IMPRINT)
-- [S.N] :
-- مكتبة دار الثقافة ،
Holdings
حالة التراجع حالة الفقد حالة تلف ليس للاعارة المكان المؤقت الموقع الحالى تاريخ الاكتساب اجمالي اﻻعارات رقم الطلب الباركود تاريخ اخر مشاهدة تاريخ تفعيل السعر نوع وعاء كوها
        مكتبة القاهرة الكبرى مكتبة القاهرة الكبرى 03/26/2014   610.0181\م ا 88271 03/26/2014 03/26/2014 كتاب

Powered By

EGPV